000 00592nam a2200205 a 4500
999 _c1768
_d1768
003 PK-NaQUE
005 20251021101730.0
008 250121b ||||| |||| 00| 0 eng d
020 _a0070188793 (hardcover)
020 _a9780070188792 (hardcover)
040 _cQUEST
100 1 _aEckbo, Garrett.
245 1 0 _aHome Landscape, The Art of Home Landscaping
250 _aRevised.
260 _a[S.l.] :
_bMcGraw-Hill Inc.,US,
_c1978.
300 _a340 p. ;
650 _aLandscape gardening.
856 4 0 _uhttp://10.10.170.122:8080/browse/book/26309
_yDownload eBook
942 _cBK
_2ddc